header

Business relationships with East Asia (Record no. 172598)

MARC details
000 -LEADER
fixed length control field 01428nam a2200349Ia 4500
245 00 - TITLE STATEMENT
Title Business relationships with East Asia
260 ## - PUBLICATION, DISTRIBUTION, ETC. (IMPRINT)
Place of publication London ;
-- New York :
Name of publisher Routledge,
Year of publication 1997.
300 ## - PHYSICAL DESCRIPTION
Number of Pages xiii, 261 p. :
Other physical details ill.
490 1# - SERIES STATEMENT
Series statement Routledge advances in Asia-Pacific business ;
650 #0 - SUBJECT ADDED ENTRY--TOPICAL TERM
Topical Term Economics.
700 1# - ADDED ENTRY--PERSONAL NAME
Personal name Slater, Jim,
Personal name Strange, Roger.
856 40 - ELECTRONIC LOCATION AND ACCESS
Uniform Resource Identifier http://site.ebrary.com/lib/rucke/Doc?id=10057274

No items available.

© 2026 Rongo University
Contact us: librarian | system librarian | Rongo university